Statistics for US State Capitals Quiz

Click here to take the quiz!

General Stats

  • This quiz has been taken 759,818 times
  • The average score is 30 of 50

Answer Stats

State Capital City % Correct
CaliforniaSacramento
86%
ColoradoDenver
82%
HawaiiHonolulu
81%
ArizonaPhoenix
79%
GeorgiaAtlanta
79%
MassachusettsBoston
78%
FloridaTallahassee
76%
TexasAustin
76%
New YorkAlbany
75%
AlaskaJuneau
73%
IndianaIndianapolis
72%
ArkansasLittle Rock
71%
OklahomaOklahoma City
69%
UtahSalt Lake City
69%
IdahoBoise
69%
LouisianaBaton Rouge
67%
IllinoisSpringfield
64%
AlabamaMontgomery
63%
OhioColumbus
62%
DelawareDover
62%
MississippiJackson
61%
TennesseeNashville
60%
IowaDes Moines
58%
ConnecticutHartford
58%
MinnesotaSaint Paul
57%
NevadaCarson City
57%
OregonSalem
56%
New MexicoSanta Fe
56%
MontanaHelena
56%
KansasTopeka
55%
North CarolinaRaleigh
55%
MarylandAnnapolis
55%
MaineAugusta
54%
New JerseyTrenton
53%
NebraskaLincoln
53%
MichiganLansing
53%
WashingtonOlympia
53%
Rhode IslandProvidence
52%
KentuckyFrankfort
52%
VirginiaRichmond
50%
North DakotaBismarck
49%
WisconsinMadison
48%
PennsylvaniaHarrisburg
48%
South CarolinaColumbia
47%
South DakotaPierre
47%
WyomingCheyenne
47%
VermontMontpelier
45%
West VirginiaCharleston
45%
MissouriJefferson City
45%
New HampshireConcord
41%

Score Distribution

Percentile by Number Answered

Percent of People with Each Score

Your Score History

You have not taken this quiz